Facundo : (Registro nro. 9186)

Detalles MARC
000 -LIDER
fixed length control field 00778nam a22002537a 4500
001 - NÚMERO DE CONTROL
Identificador de número de control 00078
003 - IDENTIFICACDOR DE NÚMERO DE CONTROL
control field DO-SdBNP
005 - DATE AND TIME OF LATEST TRANSACTION
control field 20240124100020.0
007 - CAMPOS FIJOS DE DESCRIPCIÓN FÍSICA
fixed length control field 00078
008 - ELEMENTOS DE LONGITUD FIJA
fixed length control field 160310b 1971 ag ||||| |||| 00| 0 spa d
040 ## - FUENTE DE CATALOGACIÓN
Agencia que crea de manera original el registro BPMSU
Idioma de catalogación spa
Agencia que realiza la transcripción BPMSU
092 ## - LOCALLY ASSIGNED DEWEY DECIMAL CALL NUMBER
Número de clasificación xxxxxxxxx
Número de ítem (Cutter) xxxxxxxxx
100 10 - ASIENTO PRINCIPAL -- NOMBRE PERSONAL
Nombre personal Sarmiento, Dominigo Faustino
245 ## - MENCIÓN DE TITULO
Título Facundo :
Mención de responsabilidad Domingo Faustino Sarmiento ; edición María Hortensia Lacau
260 ## - PUBLICACIÓN, DISTRIBUCIÓN, ETC. (PIE DE IMPRENTA)
Lugar de publicación, distribución, etc Argentina :
Nombre del editor, distribuidor, etc. Kapelusz,
Fecha de publicación, distribución, etc 1971
300 ## - DESCRIPCIÓN FÍSICA
Extensión 348 p. :
Dimensiones 17 cm.
490 00 - MENCIÓN DE SERIES
Mención de serie Grandes Obras de la Literatura Universal
Volume/sequential designation 36
500 ## - NOTA GENERAL
Materiales especificados Reusar/Rg. 9186
700 10 - ASIENTO SECUNDARIO -- NOMBRE PERSONAL
Nombre personal Lacau, María Hortensia,
Mención de responsabilidad ed.
830 10 - ASIENTO SECUNDARIO DE SERIE--TÍTULO UNIFORME
Título uniforme Grandes Obras de la Literatura Universal
Número de la parte o sección de una obra 36
942 ## - ADDED ENTRY ELEMENTS (KOHA)
Source of classification or shelving scheme Dewey Decimal Classification
Koha item type Libros
945 ## - INFORMACIÓN DE PROCESAMIENTO LOCAL
Información de procesamiento local Inventariado, 2018 / YL
956 ## - LOCAL ELECTRONIC LOCATION AND ACCESS (OCLC)
Nombre de host BTAVAREZ
Número de acceso 10
Información de compresión BPMSU
Existencias
Withdrawn status Lost status Source of classification or shelving scheme Damaged status Not for loan Collection code Home library Current library Date acquired Source of acquisition Total Checkouts Barcode Date last seen Price effective from Koha item type
    Dewey Decimal Classification     Colección General Biblioteca Pública Metropolitana Salomé Ureña Biblioteca Pública Metropolitana Salomé Ureña 03/10/2016 Donación   BPMSU16030066 03/10/2016 03/10/2016 Libros